[Event "TCh-ISR 2019"]
[Site "Israel ISR"]
[Date "2019.02.23"]
[Round "8.1"]
[Board "3"]
[White "Oratovsky, Michael"]
[Black "Postny, Evgeny"]
[Result "1/2-1/2"]
[WhiteTitle "GM"]
[BlackTitle "GM"]
[WhiteElo "2462"]
[BlackElo "2623"]
[WhiteTeam "Elitsur Dov Petah Tiqwa"]
[BlackTeam "Beer Sheva Alef in name of Eliyahu Levant"]
[WhiteFideId "2802090"]
[BlackFideId "2804344"]
[EventDate "2019.01.04"]
[EventType "team-tourn"]

1. e4 e5 2. Bc4 Nf6 3. d3 c6 4. Nf3 d5 5. Bb3 a5 6. a4 Bb4+ 7. c3 Bd6 8. exd5
cxd5 9. Bg5 Be6 10. Na3 Nbd7 11. Nb5 Bb8 12. d4 e4 13. Nd2 O-O 14. Nf1 h6 15.
Bh4 Bf4 16. Bg3 Bxg3 17. fxg3 Nb6 18. Ne3 Ne8 19. O-O f5 20. Qh5 Kh7 21. Rf2 g5
22. Raf1 Ng7 23. Qe2 Qe7 24. Bc2 Kh8 25. b3 Rac8 26. Qe1 Ra8 27. Qe2 Rac8 28.
Qe1 Rf7 29. Bb1 Rcf8 30. c4 f4 31. gxf4 gxf4 32. Nxd5 Nxd5 33. Qxe4 Nf6 34. Qg6
Bf5 35. Bxf5 Nxf5 36. Qxf5 Ne4 37. Qh5 Nxf2 38. Rxf2 Qe1+ 39. Rf1 Qe3+ 40. Rf2
Qc1+ 41. Rf1 Qe3+ 42. Rf2 f3 43. Qe5+ Qxe5 44. dxe5 Re7 45. Rxf3 Rxf3 46. gxf3
Rxe5 47. Kf2 Kg7 48. Nd6 b6 49. f4 Re6 50. Nf5+ Kg6 51. Ne3 Rd6 52. Nd5 Re6 53.
Kf3 Kf5 54. Ne3+ Kf6 55. Nd5+ Kf5 56. Ne3+ Kf6 57. Nd5+ 1/2-1/2

[Event "TCh-ISR 2019"]
[Site "Israel ISR"]
[Date "2019.02.23"]
[Round "8.1"]
[Board "4"]
[White "Roiz, Michael"]
[Black "Deutsch, Eyal"]
[Result "1-0"]
[WhiteTitle "GM"]
[BlackTitle "IM"]
[WhiteElo "2605"]
[BlackElo "2350"]
[WhiteTeam "Beer Sheva Alef in name of Eliyahu Levant"]
[BlackTeam "Elitsur Dov Petah Tiqwa"]
[WhiteFideId "2804158"]
[BlackFideId "2803917"]
[EventDate "2019.01.04"]
[EventType "team-tourn"]

1. Nf3 Nf6 2. c4 e6 3. g3 b6 4. Bg2 Bb7 5. d4 Bb4+ 6. Bd2 Bxd2+ 7. Qxd2 O-O 8.
O-O d5 9. cxd5 Nxd5 10. Re1 Na6 11. e4 Nf6 12. Nc3 c5 13. Rad1 cxd4 14. Nxd4 e5
15. Ndb5 Qxd2 16. Rxd2 Bc6 17. Red1 Nc5 18. f3 Na4 19. Bh3 Nxc3 20. Nxc3 Bb7 21.
Nb5 g6 22. b3 Kg7 23. Nd6 Ba6 24. Bf1 Bxf1 25. Kxf1 Rab8 26. Ke2 b5 27. Rc1 Rb6
28. Rc5 1-0

[Event "TCh-ISR 2019"]
[Site "Israel ISR"]
[Date "2019.02.23"]
[Round "8.1"]
[Board "5"]
[White "Bykhovsky, Avigdor"]
[Black "Huzman, Alexander"]
[Result "0-1"]
[WhiteTitle "GM"]
[BlackTitle "GM"]
[WhiteElo "2419"]
[BlackElo "2580"]
[WhiteTeam "Elitsur Dov Petah Tiqwa"]
[BlackTeam "Beer Sheva Alef in name of Eliyahu Levant"]
[WhiteFideId "4101057"]
[BlackFideId "2803828"]
[EventDate "2019.01.04"]
[EventType "team-tourn"]

1. Nf3 Nf6 2. c4 e6 3. g3 d5 4. Bg2 Be7 5. O-O O-O 6. b3 b6 7. Bb2 Bb7 8. d3 c5
9. Nbd2 d4 10. b4 Qc7 11. b5 Nbd7 12. a4 a6 13. Qc2 e5 14. e4 g6 15. Nb3 Ne8 16.
Bc1 Ng7 17. Bh6 a5 18. Nfd2 Nf6 19. h3 Kh8 20. Nf3 Ng8 21. Bd2 Rae8 22. Rae1 Bd6
23. Re2 Qd8 24. Qd1 f5 25. Rfe1 Qa8 26. Nh4 f4 27. Nf3 Ne6 28. g4 Qd8 29. Rf1
Bc8 30. Ree1 Rf7 31. Kh2 h5 32. gxh5 g5 33. Rg1 Nf6 34. Bf1 Rg8 35. Be2 Rh7 0-1

[Event "TCh-ISR 2019"]
[Site "Israel ISR"]
[Date "2019.02.23"]
[Round "8.1"]
[Board "6"]
[White "Mikhalevski, Victor"]
[Black "Mesropov, Konstantin"]
[Result "0-1"]
[WhiteTitle "GM"]
[BlackTitle "IM"]
[WhiteElo "2581"]
[BlackElo "2431"]
[WhiteTeam "Beer Sheva Alef in name of Eliyahu Levant"]
[BlackTeam "Elitsur Dov Petah Tiqwa"]
[WhiteFideId "2801914"]
[BlackFideId "4116887"]
[EventDate "2019.01.04"]
[EventType "team-tourn"]

1. c4 Nf6 2. Nf3 e6 3. g3 b6 4. Bg2 Bb7 5. d4 Be7 6. O-O O-O 7. d5 exd5 8. Nh4
c6 9. cxd5 cxd5 10. Nc3 Na6 11. Nf5 Nc7 12. Bg5 Bc6 13. Qd4 Re8 14. Nxe7+ Qxe7
15. Rad1 Rac8 16. Rd2 Qe5 17. Bxf6 Qxf6 18. Qxf6 gxf6 19. Rfd1 Re5 20. e3 a6 21.
Rc1 Ree8 22. Rdc2 d4 23. exd4 Bxg2 24. Kxg2 Rb8 25. d5 d6 26. Rd2 Kg7 27. Nd1
Re7 28. Ne3 Kg6 29. Rc6 Ne8 30. Rd4 f5 31. g4 fxg4 32. Rxg4+ Kf6 33. Rcc4 Re5
34. Rg3 Ke7 35. f4 Rh5 36. Rg8 f6 37. Rc6 f5 38. b4 Kf7 39. Rg3 Rb7 40. Rg5
Rxg5+ 41. fxg5 Kg6 42. h4 f4 43. Ng4 Kf5 44. Kf3 Rc7 45. a4 b5 46. a5 Rxc6 47.
dxc6 Nc7 48. Nf2 Ne6 49. Kg2 Nc7 50. Kf1 f3 51. Ke1 Kf4 52. Kd2 Nd5 53. Ke1 Nc7
54. Kf1 Kf5 55. Kg1 Kf4 56. Kh2 Ne6 57. Kh3 Nc7 58. Ng4 d5 59. Nh2 d4 60. Nxf3
Kxf3 61. h5 d3 0-1

[Event "TCh-ISR 2019"]
[Site "Israel ISR"]
[Date "2019.02.23"]
[Round "8.2"]
[Board "1"]
[White "Alexikov, Alexander"]
[Black "Erenberg, Ariel"]
[Result "1/2-1/2"]
[WhiteTitle "IM"]
[BlackTitle "IM"]
[WhiteElo "2258"]
[BlackElo "2409"]
[WhiteTeam "Elitsur Ironi Netanya named Itshak Shlakman"]
[BlackTeam "haPoel Kfar Saba Bet"]
[WhiteFideId "14103958"]
[BlackFideId "2811634"]
[EventDate "2019.01.04"]
[EventType "team-tourn"]

1. e4 c5 2. Nf3 d6 3. Bb5+ Nd7 4. d4 cxd4 5. Qxd4 a6 6. Bxd7+ Bxd7 7. Nc3 Rc8 8.
Bg5 h6 9. Bh4 e5 10. Qd3 g5 11. Bg3 Qa5 12. Nd2 Nf6 13. f3 Be6 14. Nb3 Qc7 15.
O-O-O Be7 16. Kb1 Qc4 17. Qxc4 Rxc4 18. Nd2 Rc6 19. Nf1 Bd8 20. Ne3 Bb6 21. Ned5
Bxd5 22. Nxd5 Nxd5 23. Rxd5 Ke7 24. h3 Ke6 25. Rhd1 Rf8 26. Be1 f5 27. exf5+
Rxf5 28. Bb4 Bc7 29. c4 h5 30. b3 g4 31. hxg4 hxg4 32. R5d3 gxf3 33. gxf3 b5 34.
cxb5 axb5 35. Kb2 Rh5 36. R1d2 Rh4 37. a3 Rh1 38. Rd5 Rf1 39. R5d3 Rcc1 40. Bxd6
Bb6 41. Re2 Rce1 1/2-1/2

[Event "TCh-ISR 2019"]
[Site "Israel ISR"]
[Date "2019.02.23"]
[Round "8.2"]
[Board "2"]
[White "Zilberman, Yaacov"]
[Black "Tifferet, Shaked"]
[Result "1-0"]
[WhiteTitle "GM"]
[BlackTitle "FM"]
[WhiteElo "2334"]
[BlackElo "2243"]
[WhiteTeam "haPoel Kfar Saba Bet"]
[BlackTeam "Elitsur Ironi Netanya named Itshak Shlakman"]
[WhiteFideId "2801612"]
[BlackFideId "2811529"]
[EventDate "2019.01.04"]
[EventType "team-tourn"]

1. d4 Nf6 2. Nf3 g6 3. c4 Bg7 4. Nc3 d5 5. Qb3 dxc4 6. Qxc4 O-O 7. e4 Nfd7 8.
Be3 Nb6 9. Qb3 Bg4 10. Rd1 Nc6 11. d5 Ne5 12. Be2 Nxf3+ 13. gxf3 Bh3 14. Rg1 Qd7
15. Rg3 Bf6 16. f4 Bh4 17. Rg1 e6 18. a4 exd5 19. a5 Nc8 20. Nxd5 Nd6 21. e5 Ne8
22. Bc5 Be6 23. Qxb7 Rd8 24. Nc3 Qc8 25. Qxc8 Rxc8 26. Nb5 Kg7 27. Bxf8+ Kxf8
28. Nxa7 Rb8 29. Nc6 Rxb2 30. a6 Bc4 31. Bxc4 Rxf2 32. Rg4 Rxf4+ 33. Rxh4 1-0

[Event "TCh-ISR 2019"]
[Site "Israel ISR"]
[Date "2019.02.23"]
[Round "8.2"]
[Board "3"]
[White "Poleg, Dan"]
[Black "Shachar, Ehud"]
[Result "1/2-1/2"]
[WhiteTitle "FM"]
[BlackTitle "IM"]
[WhiteElo "2276"]
[BlackElo "2391"]
[WhiteTeam "Elitsur Ironi Netanya named Itshak Shlakman"]
[BlackTeam "haPoel Kfar Saba Bet"]
[WhiteFideId "2812398"]
[BlackFideId "2802198"]
[EventDate "2019.01.04"]
[EventType "team-tourn"]

1. d4 e6 2. c4 f5 3. g3 Nf6 4. Bg2 Be7 5. Nf3 d6 6. O-O O-O 7. b3 Ne4 8. Bb2 Bf6
9. Nc3 Nc6 10. e3 Nxc3 11. Bxc3 e5 12. dxe5 dxe5 13. Qd5+ Kh8 14. Qxd8 Rxd8 15.
Ne1 a5 16. Bxc6 bxc6 17. Nf3 Re8 18. Rfd1 g5 19. Ne1 Kg7 20. Nd3 e4 21. Bxf6+
Kxf6 22. Nc5 Re5 23. Nd7+ Bxd7 24. Rxd7 Re7 25. Rd4 h5 26. Rad1 a4 27. Rd8 Re8
28. Rxe8 Rxe8 29. b4 Ke6 30. a3 f4 31. Rd4 Kf5 32. Rd7 fxe3 33. fxe3 Kg4 34. Kg2
Rf8 35. Rxc7 Rf6 36. b5 cxb5 37. Rc5 h4 38. h3+ Kh5 39. g4+ Kg6 40. cxb5 Rf3 41.
b6 Rg3+ 42. Kh2 Rf3 43. Rb5 Rf8 44. b7 Rb8 45. Kg2 Kf6 46. Kf2 Ke6 47. Ke2 Kd6
48. Kd2 Kc6 49. Rb4 Kd6 50. Kc3 Kc7 51. Rxe4 Rf8 52. Re7+ Kb8 53. Kb4 Rf3 54.
Kb5 Ka7 55. Kc6 Rf1 56. Re5 Rf6+ 57. Kb5 Kxb7 58. Rxg5 Rf3 59. Rg7+ Kc8 60. Kc6
Kd8 61. Kd6 Ke8 62. Re7+ Kf8 63. Re4 Rxh3 64. g5 Kg7 65. Ke5 Rf3 66. Rxa4 h3 67.
Rh4 1/2-1/2

[Event "TCh-ISR 2019"]
[Site "Israel ISR"]
[Date "2019.02.23"]
[Round "8.2"]
[Board "4"]
[White "Finkel, Alexander"]
[Black "Kudischewitsch, David"]
[Result "0-1"]
[WhiteTitle "GM"]
[BlackTitle "IM"]
[WhiteElo "2453"]
[BlackElo "2348"]
[WhiteTeam "haPoel Kfar Saba Bet"]
[BlackTeam "Elitsur Ironi Netanya named Itshak Shlakman"]
[WhiteFideId "2801957"]
[BlackFideId "4111893"]
[EventDate "2019.01.04"]
[EventType "team-tourn"]

1. e4 d5 2. exd5 Qxd5 3. Nf3 Bg4 4. Be2 c6 5. h3 Bxf3 6. Bxf3 Qe5+ 7. Be2 e6 8.
d4 Qc7 9. c4 Nf6 10. Nc3 Bd6 11. Be3 Bf4 12. Qd2 Bxe3 13. Qxe3 O-O 14. g4 Rd8
15. g5 Ne8 16. O-O-O Nd7 17. Bd3 Nf8 18. c5 Rd7 19. h4 Rad8 20. h5 Kh8 21. Bc2
Re7 22. f4 f5 23. Rhe1 Rdd7 24. Rd2 Qd8 25. Rde2 g6 26. d5 exd5 27. Qxe7 Rxe7
28. Rxe7 Nc7 29. h6 Qc8 30. R1e5 Nd7 31. Rxf5 gxf5 32. Bxf5 Qf8 33. Rxd7 Ne8 34.
Rd8 Qe7 35. Rb8 0-1

[Event "TCh-ISR 2019"]
[Site "Israel ISR"]
[Date "2019.02.23"]
[Round "8.2"]
[Board "5"]
[White "Poleg, Matan"]
[Black "Aharon, Ofir"]
[Result "1-0"]
[BlackTitle "FM"]
[WhiteElo "2205"]
[BlackElo "2310"]
[WhiteTeam "Elitsur Ironi Netanya named Itshak Shlakman"]
[BlackTeam "haPoel Kfar Saba Bet"]
[WhiteFideId "2811472"]
[BlackFideId "2800683"]
[EventDate "2019.01.04"]
[EventType "team-tourn"]

1. d4 Nf6 2. c4 g6 3. Nc3 d5 4. Bf4 Bg7 5. e3 O-O 6. Nf3 c5 7. dxc5 Ne4 8. Rc1
Nd7 9. cxd5 Qa5 10. Be2 Nxc3 11. bxc3 Bxc3+ 12. Kf1 Nxc5 13. Qc2 Na4 14. h4 Bd7
15. h5 Rac8 16. hxg6 hxg6 17. Ne5 Bf5 18. e4 Bxe5 19. Bxe5 f6 20. Bc7 Rxc7 21.
Qxc7 Qxc7 22. Rxc7 Rc8 23. d6 Rxc7 24. dxc7 Be6 25. Rh3 Nb6 26. Rd3 Kf7 27. Rd8
Bc8 28. Bb5 e6 29. Bd7 1-0

[Event "TCh-ISR 2019"]
[Site "Israel ISR"]
[Date "2019.02.23"]
[Round "8.2"]
[Board "6"]
[White "Gershon, Alik"]
[Black "Lurie, Michael"]
[Result "1-0"]
[WhiteTitle "GM"]
[WhiteElo "2431"]
[BlackElo "2331"]
[WhiteTeam "haPoel Kfar Saba Bet"]
[BlackTeam "Elitsur Ironi Netanya named Itshak Shlakman"]
[WhiteFideId "2802430"]
[BlackFideId "2803844"]
[EventDate "2019.01.04"]
[EventType "team-tourn"]

1. c4 Nf6 2. d4 g6 3. Nc3 d5 4. Nf3 Bg7 5. Qb3 dxc4 6. Qxc4 O-O 7. e4 Bg4 8. Be3
Nfd7 9. Qb3 Bxf3 10. gxf3 Nc6 11. O-O-O Na5 12. Qa3 b6 13. h4 Nf6 14. h5 Nxh5
15. e5 e6 16. f4 Re8 17. b4 Nc6 18. d5 exd5 19. Nxd5 Qc8 20. b5 Bf8 21. Qc3 Ne7
22. Bg2 Nxd5 23. Bxd5 Qf5 24. Bxa8 Rxa8 25. Qd3 Qg4 26. Rhg1 Qh4 27. Qd5 Re8 28.
Qd7 Re6 29. Qd8 Re7 30. Qc8 Nxf4 31. Rg4 Qh3 32. Rd8 Qh1+ 33. Kb2 Ne6 34. Rgd4
Kg7 35. Rxf8 Nxf8 36. Rd8 Qe4 37. Rxf8 Qxe5+ 38. Kc2 Qe4+ 39. Kc3 Qf3 40. Rg8+
Kf6 41. Qd8 Ke6 42. Re8 Qf6+ 43. Kc4 Rxe8 44. Qd5+ Ke7 45. Bg5 Qxg5 46. Qxg5+
Kf8 47. Qf6 h5 48. f3 Re2 49. a4 Rc2+ 50. Kd3 Rc5 51. Qh8+ Ke7 52. Qa8 Kd6 53.
Kd4 Kd7 54. Qh8 Rf5 55. Ke3 c6 56. Qd4+ Kc7 57. Qc4 Rf6 58. Kf2 Kb7 59. Qd4 1-0

[Event "TCh-ISR 2019"]
[Site "Israel ISR"]
[Date "2019.02.23"]
[Round "8.3"]
[Board "1"]
[White "Zoler, Dan"]
[Black "Efimenko, Zahar"]
[Result "1/2-1/2"]
[WhiteTitle "GM"]
[BlackTitle "GM"]
[WhiteElo "2503"]
[BlackElo "2635"]
[WhiteTeam "Hertslia"]
[BlackTeam "Beer Sheva Yud-Alef"]
[WhiteFideId "2800705"]
[BlackFideId "14107201"]
[EventDate "2019.01.04"]
[EventType "team-tourn"]

1. d4 Nf6 2. c4 e6 3. Nf3 b6 4. g3 Bb4+ 5. Bd2 c5 6. Bxb4 cxb4 7. a3 bxa3 8.
Rxa3 O-O 9. Bg2 Bb7 10. O-O a5 11. Nbd2 d6 12. Qb1 Na6 13. e4 e5 14. d5 Nb4 15.
Nh4 Bc8 16. Nf5 Bxf5 17. exf5 Rb8 18. Qd1 b5 19. g4 bxc4 20. Nxc4 Rb5 21. Qa4
Rc5 22. Nxa5 Qb6 23. Rb3 Qxa5 24. Qxa5 Rxa5 25. Rxb4 Nxd5 26. Bxd5 Rxd5 27. Rc1
h5 28. gxh5 Kh7 29. Rc7 e4 30. Rxe4 Rxf5 31. Ree7 Rb8 32. Rb7 Rb5 33. Rxb8 Rxb8
34. Rxf7 Rxb2 35. Rf5 Rd2 36. Kg2 d5 37. h4 Kh6 38. Rg5 Rd1 39. f4 Rd3 40. f5
Re3 41. f6 gxf6 42. Rxd5 Re5 43. Rxe5 fxe5 44. Kf3 Kxh5 45. Ke4 Kxh4 46. Kxe5 1/2-1/2

[Event "TCh-ISR 2019"]
[Site "Israel ISR"]
[Date "2019.02.23"]
[Round "8.3"]
[Board "2"]
[White "Dvoirys, Semen I."]
[Black "Zifroni, Dov"]
[Result "1-0"]
[WhiteTitle "GM"]
[BlackTitle "GM"]
[WhiteElo "2523"]
[BlackElo "2442"]
[WhiteTeam "Beer Sheva Yud-Alef"]
[BlackTeam "Hertslia"]
[WhiteFideId "4100379"]
[BlackFideId "2800659"]
[EventDate "2019.01.04"]
[EventType "team-tourn"]

1. e4 e5 2. Nf3 Nc6 3. Bb5 a6 4. Ba4 Nf6 5. O-O Be7 6. Re1 b5 7. Bb3 O-O 8. a4
b4 9. d4 d6 10. dxe5 Nxe5 11. Nbd2 Nfd7 12. Nf1 Bf6 13. Nxe5 Bxe5 14. Ne3 Nc5
15. Bd5 Rb8 16. Nc4 Be6 17. Be3 Bxd5 18. Qxd5 Nd7 19. f4 Bf6 20. Rad1 Bh4 21. g3
Be7 22. e5 Qc8 23. Qc6 Rd8 24. exd6 cxd6 25. Qxc8 Rbxc8 26. Nxd6 Rc7 27. Nf5 Re8
28. Bd4 Nf6 29. Nxe7+ Rexe7 30. Rxe7 Rxe7 31. Bc5 Re4 32. Rd8+ Ne8 33. Bxb4 f6
34. b3 Kf7 35. Rd7+ Kg6 36. Re7 1-0

[Event "TCh-ISR 2019"]
[Site "Israel ISR"]
[Date "2019.02.23"]
[Round "8.3"]
[Board "3"]
[White "Bakalchuk, Johnatan"]
[Black "Khmelniker, Ilya"]
[Result "1/2-1/2"]
[WhiteTitle "IM"]
[BlackTitle "GM"]
[WhiteElo "2456"]
[BlackElo "2483"]
[WhiteTeam "Hertslia"]
[BlackTeam "Beer Sheva Yud-Alef"]
[WhiteFideId "2810301"]
[BlackFideId "2805340"]
[EventDate "2019.01.04"]
[EventType "team-tourn"]

1. e4 e5 2. Nf3 Nc6 3. d4 exd4 4. Nxd4 Nf6 5. Nxc6 bxc6 6. e5 Qe7 7. Qe2 Nd5 8.
c4 Ba6 9. b3 g6 10. f4 d6 11. Qf2 Nf6 12. Be2 dxe5 13. Ba3 Qe6 14. Bxf8 Kxf8 15.
O-O exf4 16. Qxf4 Kg7 17. Nc3 Rhe8 18. Bf3 Qe3+ 19. Qxe3 Rxe3 20. Na4 Rd8 21.
Rfe1 Rxe1+ 22. Rxe1 Bc8 23. Bxc6 Rd2 24. Nc3 Rc2 25. Nb5 Rxa2 26. Nxc7 Rb2 27.
Ne8+ Nxe8 28. Rxe8 Be6 29. Ba4 Ra2 30. Bc6 Kf6 31. Bd5 a5 32. Bxe6 fxe6 33. Rb8
Ke5 34. Rb6 Rb2 35. Rb5+ Kd4 36. Rxa5 Rxb3 37. Ra7 e5 38. Rxh7 Rb2 39. Rg7 e4 1/2-1/2

[Event "TCh-ISR 2019"]
[Site "Israel ISR"]
[Date "2019.02.23"]
[Round "8.3"]
[Board "4"]
[White "Sidorenko, Ilya"]
[Black "Haimovich, Tal"]
[Result "1-0"]
[WhiteTitle "IM"]
[BlackTitle "IM"]
[WhiteElo "2395"]
[BlackElo "2408"]
[WhiteTeam "Beer Sheva Yud-Alef"]
[BlackTeam "Hertslia"]
[WhiteFideId "2807769"]
[BlackFideId "2801698"]
[EventDate "2019.01.04"]
[EventType "team-tourn"]

1. e4 e5 2. Nf3 Nc6 3. Bb5 a6 4. Ba4 Nf6 5. O-O Be7 6. Re1 b5 7. Bb3 d6 8. c3
O-O 9. h3 Nb8 10. d4 Nbd7 11. Nbd2 Bb7 12. Bc2 Re8 13. Nf1 Bf8 14. Ng3 g6 15. a4
Bg7 16. d5 Nb6 17. a5 Nbd7 18. c4 bxc4 19. Nd2 c3 20. bxc3 Nc5 21. Ba3 Nfd7 22.
Rb1 Bc8 23. Nc4 Rf8 24. Nf1 Qg5 25. Qd2 Qh4 26. Nfe3 Bh6 27. Qe2 Bg5 28. Qg4 Qh6
29. Qf3 Bf4 30. g4 Bxe3 31. Nxe3 Nb7 32. Nc4 Ndc5 33. Bc1 Qh4 34. Kh2 Bd7 35.
Rg1 Rab8 36. Ra1 Qe7 37. Bh6 Rfe8 38. Ne3 Qh4 39. g5 Qf4+ 40. Rg3 Qxf3 41. Rxf3
Nd8 42. Ra2 Rb5 43. Rf6 Ndb7 44. Nc4 Bc8 45. f4 exf4 46. Rxf4 Re7 47. Ra1 Nd7
48. Ba4 Rc5 49. Bxd7 Bxd7 50. Rb1 Rxc4 51. Rxb7 Rxc3 52. Ra7 Re8 53. Rxa6 Rb8
54. Rf2 Rxh3+ 55. Kg2 Rc3 56. Ra7 Re8 57. a6 Bb5 58. e5 Bc4 59. exd6 Bxd5+ 60.
Kh2 cxd6 61. Rd7 Rcc8 62. Rxd6 Be6 63. Re2 Ra8 64. Re3 Rec8 65. Kg3 Rc7 66. Red3
Rcc8 67. Ra3 Bf5 68. Ra4 Ra7 69. Rad4 Raa8 70. Kf4 Re8 71. Rb4 Be6 72. Rb7 Bc4
73. a7 Be6 74. Rdb6 Bc8 75. Rc7 Bf5 76. Rbb7 Be6 77. Re7 Red8 78. Ke3 Rdc8 79.
Kd4 Rc4+ 80. Ke5 Rc5+ 81. Kd6 Rcc8 82. Rxe6 Rd8+ 83. Ke5 fxe6 84. Rg7+ Kh8 85.
Rb7 Rg8 86. Kf6 e5 87. Bg7+ Rxg7 88. Rxg7 e4 89. Rb7 Rf8+ 90. Ke7 1-0

[Event "TCh-ISR 2019"]
[Site "Israel ISR"]
[Date "2019.02.23"]
[Round "8.3"]
[Board "5"]
[White "Caspi, Israel"]
[Black "Klenburg, Michael"]
[Result "1/2-1/2"]
[WhiteTitle "IM"]
[BlackTitle "IM"]
[WhiteElo "2455"]
[BlackElo "2361"]
[WhiteTeam "Hertslia"]
[BlackTeam "Beer Sheva Yud-Alef"]
[WhiteFideId "2807394"]
[BlackFideId "14102072"]
[EventDate "2019.01.04"]
[EventType "team-tourn"]

1. e4 d6 2. d4 Nf6 3. Nc3 e5 4. Nf3 Nbd7 5. Bc4 Be7 6. O-O O-O 7. Re1 a6 8. a4
b6 9. h3 Bb7 10. Qd3 c6 11. Ba2 b5 12. axb5 cxb5 13. b4 Qc7 14. Bb2 Rac8 15.
Rac1 Nb6 16. Nd2 Rfe8 17. d5 Nfd7 18. Bb3 Bg5 19. Rcd1 Bxd2 20. Rxd2 Nc4 21.
Bxc4 Qxc4 22. Nd1 Qxb4 23. Ba3 Qa5 24. Bxd6 Qb6 25. Ba3 a5 26. c3 Nc5 27. Qe3
Na4 28. d6 Red8 29. Qg5 b4 30. cxb4 axb4 31. d7 Ra8 32. Bb2 f6 33. Qg4 Nc5 34.
Ne3 h5 35. Qxh5 Bxe4 36. Ng4 Qe6 37. f3 Bf5 38. Nxe5 Nxd7 39. Nd3 Ne5 40. Bxe5
Bxd3 41. Bg3 Qf5 42. Qxf5 Bxf5 43. Rb2 1/2-1/2

[Event "TCh-ISR 2019"]
[Site "Israel ISR"]
[Date "2019.02.23"]
[Round "8.3"]
[Board "6"]
[White "Iliaguev, Nisim"]
[Black "Lev, Ronen"]
[Result "1-0"]
[WhiteTitle "FM"]
[BlackTitle "GM"]
[WhiteElo "2360"]
[BlackElo "2355"]
[WhiteTeam "Beer Sheva Yud-Alef"]
[BlackTeam "Hertslia"]
[WhiteFideId "2817276"]
[BlackFideId "2800063"]
[EventDate "2019.01.04"]
[EventType "team-tourn"]

1. d4 d5 2. c4 dxc4 3. e4 c5 4. d5 e6 5. Nc3 exd5 6. exd5 a6 7. a4 Nf6 8. Bxc4
Bd6 9. Nf3 O-O 10. O-O h6 11. h3 Bf5 12. Nh4 Bh7 13. Bd3 Nbd7 14. Bxh7+ Nxh7 15.
Nf5 Qf6 16. Qg4 h5 17. Qxh5 Rfe8 18. Nxd6 Qxd6 19. Qf5 Nhf6 20. a5 g6 21. Qf4
Ne5 22. Rd1 Rad8 23. Qh4 b5 24. axb6 Qxb6 25. Bg5 Ned7 26. d6 Re6 27. Nd5 Qxb2
28. Ne7+ Rxe7 29. dxe7 Re8 30. Rxa6 Qb3 31. Rda1 Nd5 32. Qe4 N7b6 33. Rxb6 Nxb6
34. Qc6 1-0

[Event "TCh-ISR 2019"]
[Site "Israel ISR"]
[Date "2019.02.23"]
[Round "8.4"]
[Board "1"]
[White "Zanan, Evgeny"]
[Black "Gorodetzky, David"]
[Result "1-0"]
[WhiteTitle "IM"]
[BlackTitle "IM"]
[WhiteElo "2528"]
[BlackElo "2447"]
[WhiteTeam "Feldklain Rishon leTsion"]
[BlackTeam "Tsafrir Rehovot Alef"]
[WhiteFideId "24101940"]
[BlackFideId "2813416"]
[EventDate "2019.01.04"]
[EventType "team-tourn"]

1. d4 d5 2. c4 e6 3. Nf3 Nf6 4. Nc3 c6 5. Bg5 h6 6. Bh4 dxc4 7. e4 g5 8. Bg3 b5
9. h4 g4 10. Ne5 Bb7 11. Nxg4 Nxg4 12. Qxg4 Qxd4 13. Rd1 Qf6 14. e5 Qf5 15. Qd4
Be7 16. a4 O-O 17. Qe3 Na6 18. Be2 Rfd8 19. O-O Nb4 20. Bf3 Nd5 21. Qxh6 Bf8 22.
Qc1 Bg7 23. Rfe1 Nb4 24. Rxd8+ Rxd8 25. axb5 Nd3 26. Qd2 Rb8 27. Be4 Qg4 28.
bxc6 Bxc6 29. Bxc6 Rxb2 30. Qd1 Qd4 31. Ne4 c3 32. Ba4 c2 33. Bxc2 Rxc2 34. Qxc2
Nxe1 35. Qc8+ Bf8 36. Nf6+ Kg7 37. Qc1 1-0

[Event "TCh-ISR 2019"]
[Site "Israel ISR"]
[Date "2019.02.23"]
[Round "8.4"]
[Board "2"]
[White "Galburd, Yan"]
[Black "Baron, Tal"]
[Result "1/2-1/2"]
[WhiteTitle "FM"]
[BlackTitle "GM"]
[WhiteElo "2397"]
[BlackElo "2519"]
[WhiteTeam "Tsafrir Rehovot Alef"]
[BlackTeam "Feldklain Rishon leTsion"]
[WhiteFideId "2808528"]
[BlackFideId "2809958"]
[EventDate "2019.01.04"]
[EventType "team-tourn"]

1. d4 e6 2. Nf3 c5 3. c3 d5 4. Bf4 Bd6 5. dxc5 Bxf4 6. Qa4+ Nd7 7. Qxf4 Ne7 8.
b4 O-O 9. e3 a5 10. Bb5 axb4 11. cxb4 Nxc5 12. Nbd2 Bd7 13. Be2 Ra4 14. O-O Ne4
15. Nxe4 Ng6 16. Qd6 dxe4 17. Rfd1 exf3 18. Bxf3 Nh4 1/2-1/2

[Event "TCh-ISR 2019"]
[Site "Israel ISR"]
[Date "2019.02.23"]
[Round "8.4"]
[Board "3"]
[White "Raznikov, Danny"]
[Black "Veinberg, Nimrod"]
[Result "1/2-1/2"]
[WhiteTitle "GM"]
[BlackTitle "IM"]
[WhiteElo "2499"]
[BlackElo "2399"]
[WhiteTeam "Feldklain Rishon leTsion"]
[BlackTeam "Tsafrir Rehovot Alef"]
[WhiteFideId "2811154"]
[BlackFideId "2810280"]
[EventDate "2019.01.04"]
[EventType "team-tourn"]

1. d4 Nf6 2. Bf4 d5 3. e3 c5 4. c3 Nc6 5. Nd2 e6 6. Ngf3 Bd6 7. Bg3 O-O 8. Bb5
Bxg3 9. hxg3 Qb6 10. Qa4 cxd4 11. exd4 a6 12. Bxc6 bxc6 13. Qb3 Qc7 14. Ne5 c5
15. Qa3 Rb8 16. O-O Qb6 17. Nb3 c4 18. Nc5 Qxb2 19. Qxb2 Rxb2 20. Rfb1 Rc2 21.
Rb8 g5 22. Rab1 Ne4 23. Nxe4 dxe4 24. Ra8 e3 25. fxe3 f6 26. Ng4 h5 27. Nf2 Bd7
28. Rxa6 Rxc3 29. Rd6 Bc8 30. g4 h4 31. e4 Rc2 32. Rc6 Rxa2 33. Rxc4 Rd2 34. Rb6
Bd7 35. Rd6 Be8 36. Rc7 Bg6 37. d5 Ra8 38. Rdd7 exd5 39. Rg7+ Kf8 40. Rxg6 Ra1+
41. Kh2 Rxf2 42. Rh6 Kg8 43. Rg6+ 1/2-1/2